| 000 | 01556nam0a2200337 4500 | ||
|---|---|---|---|
| 001 | RU\NLR\bibl\735614 | ||
| 005 | 20260405124928.0 | ||
| 010 |
_a5-9533-0393-9 _910000 |
||
| 021 |
_aRU _b2004-59110 _92913 |
||
| 035 | _aRSL-KNO-002480509 | ||
| 035 | _a(NLR Aleph) 000725538 | ||
| 090 |
_a729894 _c729894 |
||
| 100 | _a20040927d2004 |||y0rusy50 ca | ||
| 101 | 0 |
_arus _ager |
|
| 102 | _aRU | ||
| 105 | _ay ||||||||| | ||
| 106 | _ar | ||
| 200 | 1 |
_aСовременный немецко-русский словарь _e[более 40000 слов _fсост. Трибис Е.Е. и др. _gпод общ. ред. Е.Е. Трибис] |
|
| 210 |
_aМ. _cВече _d2004 _gТульская тип. |
||
| 215 |
_a605,[1] с. _d21 |
||
| 606 | 1 |
_aНемецкий язык _xСловари _xРусский язык _91696762 _3RU\NLR\auth\66754878 |
|
| 610 | 0 | _aФилологические науки. Художественная литература -- Языкознание -- Индоевропейские языки -- Германские языки -- Западногерманские языки -- Немецкий язык -- Лексикография -- Параллельные словари | |
| 686 |
_aШ143.24-48 _2rubbk |
||
| 686 | _aШ143.24-491перев | ||
| 702 | 1 |
_4220 _8rus _7ca _aТрибис _bЕ. Е. _gЕлена Евгеньевна _3RU\NLR\auth\7750300 _933235 |
|
| 801 | 0 |
_aRU _bRuMoRKP _c20040927 _grcr |
|
| 801 | 1 |
_aRU _bRuMoRGB _c20040927 |
|
| 801 | 2 |
_aRU _bNLR _c20050316 _gPSBO |
|
| 942 | _cBOOK | ||
| 980 | _aNB | ||